Normal view
MARC view
Entry Personal Name
001 - CONTROL NUMBER
- control field: 24827
003 - CONTROL NUMBER IDENTIFIER
- control field: ARRUPE
005 - DATE AND TIME OF LATEST TRANSACTION
- control field: 20160811120511.0
008 - FIXED-LENGTH DATA ELEMENTS
- fixed length control field: 160811|| aca||aabn | a|a d
040 ## - CATALOGING SOURCE
- Original cataloging agency: ARRUPE
- Transcribing agency: ARRUPE
100 ## - HEADING--PERSONAL NAME
- Personal name: Nabudere, D. Wadada.
- Title of a work: Rise and fall of money capital.
670 ## - SOURCE DATA FOUND
- Source citation: Work cat.: (ARRUPE)0: Nabudere, D. Wadada. 23208, The crash of international finance capital and its implications for the Third World /, 1989.